| 000 | 01562nam a2200349 i 4500 | ||
|---|---|---|---|
| 003 | OSt | ||
| 005 | 20260309103411.0 | ||
| 008 | 260309t20242024xnaao erf 001 0 eng d | ||
| 020 |
_a9780729544269 _cRM 303.56 _qpaperback |
||
| 040 |
_aPPAK _beng _cPPAK _erda |
||
| 082 | 0 | 4 |
_223 _a610.19 |
| 090 | 0 | 0 |
_a610.19 _bOKA _dR |
| 100 | 1 |
_aO'Kane, Deb, _eauthor, _eeditor. |
|
| 245 | 1 | 0 |
_aPsychology : _bAn introduction for Health Professionals / _cDeb O'Kane. |
| 250 | _a2nd edition. | ||
| 264 | 1 |
_aChatswood, NSW : _bElsevier Australia, _c[2024] |
|
| 264 | 4 | _c©2024 | |
| 300 |
_axv, 464 pages : _bcolour illustrations, colour photographs ; _c25 cm |
||
| 336 |
_atext _2rdacontent |
||
| 336 |
_astill image _2rdacontent |
||
| 337 |
_aunmediated _2rdamedia |
||
| 338 |
_avolume _2rdacarrier |
||
| 500 | _a"1st edition copyright 2020 Elsevier Australia"--Imprint. | ||
| 504 | _aIncludes bibliographical references and index. | ||
| 520 | _a"... this book will help you understand more about why people act in certain ways related to their health and wellbeing, from diagnoses, health interventions and outcomes. ... written specifically for health science and nursing students undertaking discreet units of study in psychology, but will also be applicable to practitioners in their daily work"--back cover. | ||
| 650 | 1 | 0 |
_aPsychology _vTextbooks. |
| 650 | 2 | 0 |
_aPsychology _vHandbooks, manuals, etc. |
| 650 | 2 | 0 | _aMedicine and psychology |
| 650 | 2 | 0 | _aClinical health psychology |
| 655 | 7 | _aHandbooks and manuals. | |
| 942 |
_2ddc _cB |
||
| 999 |
_c203393 _d203393 |
||